| 000 | 00321nam a22001337a 4500 | ||
|---|---|---|---|
| 020 | _a0-439-96072-X | ||
| 082 |
_a823 _bWRE/S |
||
| 100 | _aWREDE, PATRICIA C | ||
| 245 |
_aSTARWARS EPISODE III _bREVENGE OF THE SITH |
||
| 260 |
_aNEW YORK _bSCHOLASTIC _c2005 |
||
| 300 | _a185 | ||
| 650 |
_aNOVEL _zUNITED STATES |
||
| 942 | _cBK | ||
| 999 |
_c4995 _d4995 |
||